000
00325nam a2200133Ia 4500
008
240624s9999 xx 000 0 und d
041
_a
eng
082
_a
828 CAP
100
_a
CAPRA FRITJOF
245
_a
HIDDEN CONNECTIONS
260
_c
2004
_a
New Delhi
_b
HarperCollins
300
_a
xv, : 272 : p. : cm. ; 19
365
_c
RS
999
_c
28742
_d
28742